• 首页
  • 本馆介绍
  • 公告通知
  • 最新文献
  • 馆藏检索
  • 电子资源
  • 读者导购
  • 参考咨询
  • 我的图书馆
  • 登录
  • 详细信息显示
  • 放入我的书架
  • 预约/预借图书
  • 作者相关作品
  • 分类相关作品
  • 丛书相关作品
  • 出版社相关作品

书目信息

  • 表格格式
  • 工作单格式
  • 卡片格式
题名:
跟星级大厨学做营养汤
    
 
作者: 甘智荣
分册:  
出版信息: 乌鲁木齐   新疆科技卫生出版社  2016.08
页数: 208页
开本: 20cm
丛书名:
单 册:
中图分类: TS972.122
科图分类:
主题词: 饮食业--供应技术
电子资源:
ISBN: 7-5372-6648-4
000 00627nam0 2200205 450
001 2377
005 20161205104455.32
010    @a7-5372-6648-4@dCNY39.80
100    @a20150808d2016 km y0chiy0120 ea
101 0  @achi
102    @aCN@b650000
200 1  @a跟星级大厨学做营养汤@Agen xing ji da chu xue zuo ying yang tang@f甘智荣@Fgan zhi rong
210    @a乌鲁木齐@c新疆科技卫生出版社@d2016.08
215    @a208页@d20cm
330    @a保健·汤菜·菜谱
606 0  @a饮食业@x供应技术
690    @aTS972.122@v4
701  0 @a甘智荣@Agan zhi rong
801  0 @aCN@b大连网信软件有限公司图书馆·11@c20161205
905    @aZUCC@dTS972.122@e429
    
    跟星级大厨学做营养汤/甘智荣.-乌鲁木齐:新疆科技卫生出版社,2016.08
    208页;20cm
    
    
    ISBN 7-5372-6648-4:CNY39.80
    保健·汤菜·菜谱
●
相关链接 在E读中查询图书 在五车中查询图书 在当当中查询图书 在豆瓣中查询图书


正题名:跟星级大厨学做营养汤     索取号:TS972.122/429         预约/预借

序号 登录号 条形码 馆藏地/架位号 状态 备注
1 910651   209106518   第二样本阅览室/ [索取号:TS972.122/429] 在馆    
2 910652   209106527   第三借阅区/ [索取号:TS972.122/429] 在馆    
3 910653   209106536   第三借阅区/ [索取号:TS972.122/429] 在馆    
4 910654   209106545   第三借阅区/ [索取号:TS972.122/429] 在馆    
5 910655   209106554   第三借阅区/ [索取号:TS972.122/429] 在馆    
唐山师范学院图书馆 欢迎您!
大连网信软件有限公司© 版权所有